000 00304nam a2200133Ia 4500
100 _aMccornik/John; Salvadon
942 _cBK
654 _aFortan
245 _aNumerical Methods In Fortran
260 _bPrentice Hall of India
_aNewDelhi
_c1971
082 _a519.4
300 _a324
546 _aENGLISH
999 _c20663
_d20663